Krimiquizz - Statistiken

Allgemein
  • Dieses Quiz wurde 43 mal gespielt
  • Das Durchschnittsergebnis liegt bei 4 aus 15
Antwortstatistiken
Hint Antwort % Korrekt
Sherlock Holmes (VK) Arthur Conan Doyle
79%
Hercule Poirot(VK) Agatha Christie
66%
Kommissar Kurt Wallander(Skandinavien) Henning Mankell
55%
Commissario Guido Brunetti (It) Donna Leon
47%
Lisbeth Salander und Michael Blomkvist(Skandinavien) Stieg Larsson
42%
Inspector Lynley (VK) Elizabeth George
26%
Harry Hole (Skandinavien) Jo Nesbo
24%
Gunnar Barbarotti (Skandinavien) Hakan Nesser
13%
Julia Durant (De) Andreas Franz
11%
Kommissar Erik Winter(Skandinavien) Ake Edwardson
8%
Erlendur Sveinsson (Skandinavien) Arnaldur Indridason
8%
Temperance Brennan (USA) Kathy Reichs
8%
Alex Cross (USA) James Patterson
5%
Sebastian Bergmann (Skandinavien) Michael Hjorth Hans Rosenfeldt
5%
Martin Beck (Skandinavien) Per Wahlöö Maj Sjöwall
5%
Keine übereinstimmenden Quizze gefunden
Verteilung der Resultate
Anzahl Personen mit jedem Resultat
Perzentil nach korrekt beantworteten Fragen
Ihre Resultats-Entwicklung
Sie haben dieses Quiz noch nicht gespielt